000 01169nam a2200313 i 4500
003 EG-GICUC
005 20260503144130.0
008 260503s1870 fr f||||| 000 0 fre d
040 _aEG-GiCUC
_bfre
_cEG-GiCUC
_dEG-GiCUC
_eRda
041 0 _afre
082 0 4 _a345.123
_bDU . T
_221
092 0 4 _221
099 _aLaw 07 345.123 DU . T 3 ed - 1870
100 1 _aDufour, Gabriel.
_eAuteur
245 1 0 _aTraité Général De Droit Administratif Appliqué :
_bOu Exposé De La Doctrine Et De La Jurisprudence
_cPar Gabriel Dufour,
_nTome Huitiéme/
250 _aTroisiéme Édition
_bRevue Et Considérablement Augmentée
264 _aParis:
_bDelamotte, Administrat. Du Répertoire de L'enregistrement,
_c1870.
300 _a690 Page ;
_c24 cm.
_billustration ;
336 _2rda contenu
_a texte
337 _2rda medias
_aOrdinateur
338 _2 transporteur rda
_a Ressource en ligne
504 _aComprend des références bibliographiques.
546 _aTexte en français
650 1 4 _aDroit Administratif
_2qrmak
651 1 _2qrmak
856 4 0 _uhttps://fll.law.cu.edu.eg/fulltext/bks/B07-05059.pdf
905 _a64
942 _2ddc
_cBK
_e21
_n0
999 _c75207
_d75207